América Latina hacia la integración de su riqueza /

Furkejuvvon:
Bibliográfalaš dieđut
Váldodahkki: Hernández Garibay, Jesús
Materiálatiipa: Texto
Fáttát:
Fáddágilkorat: Lasit fáddágilkoriid
Eai fáddágilkorat, Lasit vuosttaš fáddágilkora!

MARC

LEADER 00000 a a2200000 04500
001 12506
003
040
100 |a Hernández Garibay, Jesús  
245 |a América Latina hacia la integración de su riqueza /  |c Jesús Hernández Garibay 
650 |a INTEGRACION REGIONAL  
650 |a GLOBALIZACION  
650 |a AMERICA LATINA  
773 |g volumen 8, número 31; páginas 24-26  
999 |c 21795  |d 21795